Como me siento? = (Record no. 17654)
[ view plain ]
| 000 -LEADER | |
|---|---|
| fixed length control field | 01373cam a2200361 a 4500 |
| 001 - CONTROL NUMBER | |
| control field | ocm49045664 |
| 003 - CONTROL NUMBER IDENTIFIER | |
| control field | OCoLC |
| 005 - DATE AND TIME OF LATEST TRANSACTION | |
| control field | 20250116094832.0 |
| 008 - FIXED-LENGTH DATA ELEMENTS--GENERAL INFORMATION | |
| fixed length control field | 020220s2001 maua a 000 0 eng d |
| 020 ## - INTERNATIONAL STANDARD BOOK NUMBER | |
| International Standard Book Number | 9780618169313 (board bk.) |
| 040 ## - CATALOGING SOURCE | |
| Original cataloging agency | SDE |
| Transcribing agency | SDE |
| Modifying agency | TEF |
| -- | TnLvILS |
| 041 1# - LANGUAGE CODE | |
| Language code of text/sound track or separate title | eng |
| -- | spa |
| Language code of original | eng |
| 245 00 - TITLE STATEMENT | |
| Title | Como me siento? = |
| Remainder of title | How do I feel? / |
| Statement of responsibility, etc. | [from the editors of the The American Heritage Dictionaries ; illustrations by Pamela Cote]. |
| 246 31 - VARYING FORM OF TITLE | |
| Title proper/short title | How do I feel? |
| 260 ## - PUBLICATION, DISTRIBUTION, ETC. (IMPRINT) | |
| Place of publication, distribution, etc. | Boston : |
| Name of publisher, distributor, etc. | Houghton Mifflin Harcourt, |
| Date of publication, distribution, etc. | c2001. |
| 300 ## - PHYSICAL DESCRIPTION | |
| Extent | 1 v. (unpaged) : |
| Other physical details | col. ill. ; |
| Dimensions | 13 cm. |
| 490 1# - SERIES STATEMENT | |
| Series statement | Good beginnings = |
| -- | Un buen comienzo. |
| 500 ## - GENERAL NOTE | |
| General note | Cover title. |
| 500 ## - GENERAL NOTE | |
| General note | On board pages. |
| 520 ## - SUMMARY, ETC. | |
| Summary, etc. | Words in English and Spanish describe different feelings of youngsters. |
| 546 ## - LANGUAGE NOTE | |
| Language note | Parallel text in English and Spanish. |
| 650 #0 - SUBJECT ADDED ENTRY--TOPICAL TERM | |
| Topical term or geographic name as entry element | Vocabulary |
| Form subdivision | Juvenile literature. |
| 650 #0 - SUBJECT ADDED ENTRY--TOPICAL TERM | |
| Topical term or geographic name as entry element | Spanish language |
| Form subdivision | Glossaries, vocabularies, etc. |
| -- | Juvenile literature. |
| 650 #0 - SUBJECT ADDED ENTRY--TOPICAL TERM | |
| Topical term or geographic name as entry element | English language |
| Form subdivision | Glossaries, vocabularies, etc. |
| -- | Juvenile literature. |
| 650 #0 - SUBJECT ADDED ENTRY--TOPICAL TERM | |
| Topical term or geographic name as entry element | Emotions in children |
| Form subdivision | Juvenile literature. |
| 650 #0 - SUBJECT ADDED ENTRY--TOPICAL TERM | |
| Topical term or geographic name as entry element | Emotions. |
| 650 #1 - SUBJECT ADDED ENTRY--TOPICAL TERM | |
| Topical term or geographic name as entry element | Spanish language materials |
| General subdivision | Bilingual. |
| 655 #0 - INDEX TERM--GENRE/FORM | |
| Genre/form data or focus term | Board books. |
| 700 1# - ADDED ENTRY--PERSONAL NAME | |
| Personal name | Cote, Pamela, |
| Relator term | ill. |
| 710 2# - ADDED ENTRY--CORPORATE NAME | |
| Corporate name or jurisdiction name as entry element | American Heritage Publishing Company. |
| 830 #0 - SERIES ADDED ENTRY--UNIFORM TITLE | |
| Uniform title | Good beginnings. |
| 942 ## - ADDED ENTRY ELEMENTS (KOHA) | |
| Koha item type | Libro/Book |
| Withdrawn status | Lost status | Source of classification or shelving scheme | Damaged status | Not for loan | Home library | Current library | Date acquired | Total Checkouts | Barcode | Date last seen | Price effective from | Koha item type | Inventory number | Full call number | Checked out | Date checked out | Shelving location |
|---|---|---|---|---|---|---|---|---|---|---|---|---|---|---|---|---|---|
| San Juan Del Sur -- Mobile | Barbudos | 14/09/2023 | 1 | 33017378 | 04/03/2024 | 14/09/2023 | Libro/Book | JI | 08/04/2024 | 04/03/2024 | |||||||
| Dewey Decimal Classification | Barbudos -- Satellite | Barbudos -- Satellite | 06/06/2019 | 35801579 | 06/06/2019 | 06/06/2019 | Libro/Book | ||||||||||
| Barbudos -- Satellite | Barbudos -- Satellite | 17/08/2020 | 35801973 | 16/02/2022 | 17/08/2020 | Libro/Book | JI | ||||||||||
| Capulin -- Satellite | Capulin -- Satellite | 13/08/2020 | 35101976 | 13/08/2020 | 13/08/2020 | Libro/Book | Inventory date: 7/7/25 | JI | |||||||||
| Dewey Decimal Classification | Genizero -- Satellite | Genizero -- Satellite | 16/06/2017 | 35601515 | 16/06/2017 | 16/06/2017 | Libro/Book | ||||||||||
| Las Brisas 1 -- Satellite | Las Brisas 1 -- Satellite | 16/04/2018 | 40001512 | 16/04/2018 | 16/04/2018 | Libro/Book | Inventory date: 7/4/25 | JAA | |||||||||
| Las Brisas 1 -- Satellite | Las Brisas 1 -- Satellite | 25/07/2020 | 40002195 | 25/07/2020 | 25/07/2020 | Libro/Book | Inventory date: 7/4/25 | JI | |||||||||
| Las Brisas 2 -- Satellite | Las Brisas 2 -- Satellite | 16/04/2018 | 40101525 | 16/04/2018 | 16/04/2018 | Libro/Book | |||||||||||
| Las Brisas 2 -- Satellite | Las Brisas 2 -- Satellite | 23/07/2020 | 40102179 | 23/07/2020 | 23/07/2020 | Libro/Book | JI | ||||||||||
| San Juan Del Sur -- Mobile | Las Marias -- Satellite | 14/09/2023 | 1 | 33017373 | 22/03/2024 | 14/09/2023 | Libro/Book | inventory date: 30/1/25 | JI | 22/03/2024 | |||||||
| Las Pampas -- Satellite | Las Pampas -- Satellite | 23/08/2020 | 35701976 | 23/08/2020 | 23/08/2020 | Libro/Book | inventory date: 17-1-25 | JI | |||||||||
| Monte Cristo -- Satellite | Monte Cristo -- Satellite | 16/04/2018 | 40201509 | 16/04/2018 | 16/04/2018 | Libro/Book | |||||||||||
| Monte Cristo -- Satellite | Monte Cristo -- Satellite | 26/08/2020 | 40202186 | 26/08/2020 | 26/08/2020 | Libro/Book | JI | ||||||||||
| San Juan Del Sur -- Mobile | Ojochal | 13/01/2024 | 4 | 33015986 | 29/08/2024 | 13/01/2024 | Libro/Book | 09/07/2024 | |||||||||
| San Juan Del Sur -- Mobile | Ostional | 14/09/2023 | 1 | 33017385 | 11/06/2024 | 14/09/2023 | Libro/Book | JI | 20/02/2024 | ||||||||
| San Jeronimo -- Satellite | San Jeronimo -- Satellite | 17/01/2025 | 35901559 | 17/01/2025 | 17/01/2025 | Libro/Book | inventory date: 17-1-25 | JI | |||||||||
| Genizero -- Satellite | San Juan Del Sur -- Biblioteca | 15/08/2020 | 1 | 35601970 | 27/06/2023 | 15/08/2020 | Libro/Book | Checked out from 2023 - Jan 2025 | JI | 01/08/2023 | 27/06/2023 | ||||||
| San Juan Del Sur -- Biblioteca | San Juan Del Sur -- Biblioteca | 11/10/2021 | 9 | 30010084 | 20/01/2026 | 11/10/2021 | Libro/Book | Inventory date: 15-5-25 | JI Bilingue | 02/12/2025 | Children's Area | ||||||
| San Juan Del Sur -- Biblioteca | San Juan Del Sur -- Biblioteca | 11/10/2021 | 1 | 30010083 | 23/01/2023 | 11/10/2021 | Libro/Book | Checked out from 2023 - Jan 2025 | 30/01/2023 | 23/01/2023 | |||||||
| Sevadilla -- Satellite | Sevadilla -- Satellite | 19/07/2020 | 35401979 | 19/07/2020 | 19/07/2020 | Libro/Book | JI | ||||||||||
| Zaragoza -- Satellite | Zaragoza -- Satellite | 29/07/2020 | 35501965 | 29/07/2020 | 29/07/2020 | Libro/Book | JI |